000 01040nam a22000977a 4500
008 171127b xxu||||| |||| 00| 0 eng d
100 _aPatton, Donald
245 _aFarthing delivery
_bfight for cheaper postage
260 _aLondon
_bLowe & Brydone
_c1960
650 _aGreat Britain | Scotland | England | Circular Delivery Mail | Locals and Private Posts | Cinderella Material | Postal History | Covers | Postal Markings | 19th Century | Edinburgh & Leith Circular Delivery Co. | Edinburgh & Leith Parcels Delivery Co. | Brydone, James E.N. (James Edward Nixon), 1810-1869 | London Circular Delivery Co. | Metropolitan Circular Delivery Co. | London & Metropolitan Circular Delivery Co. | Brydone, Robert, 1832-1874 | Eyre, Manuel | Circular Delivery Co. Ltd. | London & District Circular Delivery Co. | National Circular Delivery Co. | Aberdeen, Dundee and Liverpool Circular Delivery Companies. | Glasgow Circular Delivery Co. | Forgeries and Counterfeits | Laws and Legal Cases | Transportation of Mail | Postal Rates | Printers | Brydone Family
999 _c2555
_d2555